00702cam a2200217 a 4500020002300000020002600023020002900049020003200078020002900110020003200139040000800171082002700179100002200206245006100228250001300289260003200302300007400334650002700408700002300435700002600458 a0393962067 (cloth) a9780393962062 (cloth) a0393962075 (v. 1 : pbk.) a9780393962079 (v. 1 : pbk.) a0393962083 (v. 2 : pbk.) a9780393962086 (v. 2 : pbk.) cDLC a909 NOR 1993 A102 Or. 1 aLerner, Robert E.10aWestern civilizations, their history and their culture / a12th ed. aNew York :bNorton,cc1993. axvii, 1092, xxviii p. :bill. (some col.), maps (some col.) ;c25 cm. 0aCivilization, Western.1 aMeacham, Standish.1 aBurns, Edward McNall,